[Event "Maresme op 16th"]
[Site "Maresme"]
[Date "2019.10.19"]
[Round "3"]
[White "Folch Brach, Jordi"]
[Black "Romero Torrents, Josep"]
[Result "1-0"]
[WhiteElo "1571"]
[BlackElo "1798"]
[PlyCount "79"]
[EventDate "2019.09.29"]
[EventType "swiss"]
[EventRounds "8"]
[EventCountry "ESP"]
[SourceTitle "CBM 193 Extra"]
[Source "ChessBase"]
[SourceDate "2020.01.31"]
[SourceVersion "1"]
[SourceVersionDate "2020.01.31"]
[SourceQuality "1"]

1. d4 g6 2. Nf3 Bg7 3. e3 d6 4. Bd3 Nf6 5. 0-0 0-0 6. Nbd2 Nbd7 7. b3 c5 8. Bb2 a6 9. Re1 Nd5 10. a3 cxd4 11. exd4 Nf4 12. Bf1 Nf6 13. Rb1 Bf5 14. Rc1 Rc8 15. Nc4 N4d5 16. Ne3 Nxe3 17. fxe3 Be4 18. Bd3 Qb6 19. Bxe4 Nxe4 20. Nd2 f5 21. Nxe4 fxe4 22. Qg4 d5 23. Rf1 Rxf1+ 24. Kxf1 Qf6+ 25. Kg1 Rf8 26. Qe2 Bh6 27. Bc3 b5 28. Bd2 Qc6 29. c4 bxc4 30. bxc4 Qa4 31. cxd5 Qxa3 32. d6 exd6 33. Qc4+ Kg7 34. Qc3 Qxc3 35. Rxc3 Rf6 36. Rc7+ Kf8 37. Rc6 Ke7 38. Rxa6 Ke6 39. Ra7 Rf7 40. d5+ 1-0

[Event "Maresme op 16th"]
[Site "Maresme"]
[Date "2019.10.05"]
[Round "2"]
[White "Romero Torrents, Josep"]
[Black "Capellades Subirana, Marc"]
[Result "0-1"]
[WhiteElo "1798"]
[BlackElo "2192"]
[PlyCount "68"]
[EventDate "2019.09.29"]
[EventType "swiss"]
[EventRounds "8"]
[EventCountry "ESP"]
[SourceTitle "CBM 193 Extra"]
[Source "ChessBase"]
[SourceDate "2020.01.31"]
[SourceVersion "1"]
[SourceVersionDate "2020.01.31"]
[SourceQuality "1"]

1. d4 Nf6 2. Bf4 e6 3. e3 c5 4. c3 Be7 5. Nf3 0-0 6. h3 b6 7. Bd3 d6 8. Bh2 Bb7 9. Nbd2 Nc6 10. a3 e5 11. 0-0 Re8 12. Bc2 Bf8 13. Qb1 g6 14. b4 exd4 15. exd4 cxd4 16. cxd4 d5 17. b5 Na5 18. Ne5 Nc4 19. Ndf3 Nxa3 20. Qb3 Nxc2 21. Qxc2 Ne4 22. Nc6 Qc8 23. Rfc1 Bh6 24. Rcb1 a6 25. Nfe5 axb5 26. Rxa8 Qxa8 27. f4 f6 28. Ng4 Bf8 29. Ne3 Bxc6 30. f5 g5 31. Rc1 Bb7 32. Qb3 Qa3 33. Qxa3 Bxa3 34. Rc7 Re7 0-1

[Event "Foment Martinenc op-A 21st"]
[Site "Barcelona"]
[Date "2019.06.15"]
[Round "8"]
[White "Romero Torrents, Josep"]
[Black "Bes Alvarez, Alex"]
[Result "0-1"]
[WhiteElo "1824"]
[BlackElo "1914"]
[PlyCount "124"]
[EventDate "2019.04.27"]
[EventType "swiss"]
[EventRounds "9"]
[EventCountry "ESP"]
[SourceTitle "EXT 2020"]
[Source "ChessBase"]
[SourceDate "2019.10.17"]
[SourceVersion "1"]
[SourceVersionDate "2019.10.17"]
[SourceQuality "1"]

1. e4 c5 2. Nf3 a6 3. d4 cxd4 4. Nxd4 Nf6 5. Nc3 e5 6. Nf3 Bb4 7. Bd2 0-0 8. Bd3 d5 9. Qe2 d4 10. Nb1 Bd6 11. 0-0 Nc6 12. c3 Bg4 13. h3 Bxf3 14. Qxf3 Qb6 15. b3 Rac8 16. Bc4 Qc5 17. Rc1 b5 18. Be2 Rfd8 19. Kh1 Qb6 20. Bg5 Be7 21. c4 bxc4 22. Bxc4 Na5 23. Nd2 Bb4 24. Bxf6 Qxf6 25. Qg4 Bc3 26. Rab1 Qf4 27. Qxf4 exf4 28. Nf3 Nxc4 29. bxc4 Rxc4 30. Ne5 Rc5 31. Nd3 Ra5 32. Rc2 g5 33. Kg1 Kg7 34. Kf1 Re8 35. f3 Rc8 36. Ke2 Rc4 37. Rb3 Rca4 38. Nc1 Ra3 39. Kd3 Kg6 40. Rb6+ f6 41. Rb3 Kh5 42. Ke2 h6 43. Rb6 Kh4 44. Rb3 Kg3 45. Kd3 Kh4 46. Kc4 R3a4+ 47. Kd3 Ra3 48. Kc4 h5 49. Rb6 R5a4+ 50. Kd5 d3 51. Nxd3 Rd4+ 52. Ke6 Rxd3 53. Rxc3 Rdxc3 54. Kxf6 Rxa2 55. e5 Rxg2 56. Rxa6 Rxf3 57. e6 Re3 58. e7 Rge2 59. Ra5 Re6+ 60. Kf5 Rxe7 61. Kf6 R2e6+ 62. Kf5 Re5+ 0-1

[Event "Foment Martinenc op-A 21st"]
[Site "Barcelona"]
[Date "2019.06.01"]
[Round "6"]
[White "Ros Montes, Daniel"]
[Black "Romero Torrents, Josep"]
[Result "1-0"]
[WhiteElo "1904"]
[BlackElo "1824"]
[PlyCount "61"]
[EventDate "2019.04.27"]
[EventType "swiss"]
[EventRounds "9"]
[EventCountry "ESP"]
[SourceTitle "EXT 2020"]
[Source "ChessBase"]
[SourceDate "2019.10.17"]
[SourceVersion "1"]
[SourceVersionDate "2019.10.17"]
[SourceQuality "1"]

1. c4 Nf6 2. Nc3 d6 3. g3 g6 4. Bg2 Bg7 5. e4 Nbd7 6. Nge2 Ne5 7. d4 Nc6 8. 0-0 0-0 9. h3 Na5 10. Qd3 Nc6 11. Be3 h6 12. f4 Kh7 13. Rad1 Rb8 14. d5 Nb4 15. Qb1 b6 16. a3 Na6 17. Nb5 Ra8 18. b4 Bd7 19. Nbd4 Rc8 20. e5 Ng8 21. e6 Bxd4 22. Nxd4 Ba4 23. exf7 Rxf7 24. f5 g5 25. f6+ Kh8 26. fxe7 Qxe7 27. Rxf7 Qxf7 28. Rf1 Qe7 29. Nf5 Qf8 30. Bd4+ Nf6 31. Qb2 1-0

[Event "Foment Martinenc op-A 21st"]
[Site "Barcelona"]
[Date "2019.05.25"]
[Round "5"]
[White "Romero Torrents, Josep"]
[Black "Romero Gamez, Francisco Javier"]
[Result "1-0"]
[WhiteElo "1824"]
[BlackElo "1498"]
[PlyCount "73"]
[EventDate "2019.04.27"]
[EventType "swiss"]
[EventRounds "9"]
[EventCountry "ESP"]
[SourceTitle "EXT 2020"]
[Source "ChessBase"]
[SourceDate "2019.10.17"]
[SourceVersion "1"]
[SourceVersionDate "2019.10.17"]
[SourceQuality "1"]

1. e4 c5 2. Nf3 d6 3. Bb5+ Bd7 4. Bxd7+ Nxd7 5. d3 Ngf6 6. h3 e6 7. Nc3 a6 8. 0-0 Be7 9. Re1 Qc7 10. Bf4 0-0 11. e5 Nxe5 12. Nxe5 dxe5 13. Bxe5 Qd7 14. Qf3 Rad8 15. Rad1 b5 16. Qg3 Bd6 17. f4 Bxe5 18. fxe5 Nd5 19. Ne4 Kh8 20. Nxc5 Qa7 21. d4 Ne7 22. c3 Nc6 23. a3 a5 24. Kh1 a4 25. Ne4 Na5 26. Nd6 Nc4 27. Nxc4 bxc4 28. Rf1 Rb8 29. Rd2 Rb3 30. Qf3 Kg8 31. Qc6 Rfb8 32. Qxc4 g6 33. Rff2 R8b6 34. d5 exd5 35. Qxd5 Qb7 36. Qd8+ Kg7 37. Rd7 1-0

[Event "Foment Martinenc op-A 21st"]
[Site "Barcelona"]
[Date "2019.05.11"]
[Round "3"]
[White "Romero Torrents, Josep"]
[Black "Povill Claros, Laura"]
[Result "1/2-1/2"]
[WhiteElo "1824"]
[BlackElo "1794"]
[PlyCount "60"]
[EventDate "2019.04.27"]
[EventType "swiss"]
[EventRounds "9"]
[EventCountry "ESP"]
[SourceTitle "EXT 2020"]
[Source "ChessBase"]
[SourceDate "2019.10.17"]
[SourceVersion "1"]
[SourceVersionDate "2019.10.17"]
[SourceQuality "1"]

1. e4 c5 2. Nf3 Nc6 3. Bb5 g6 4. Nc3 Bg7 5. 0-0 d6 6. Bxc6+ bxc6 7. d4 cxd4 8. Nxd4 Qb6 9. Nce2 Ba6 10. c3 Nf6 11. Qc2 0-0 12. h3 Rab8 13. Rb1 Qb7 14. Nf3 Nd7 15. Re1 Nc5 16. Rd1 Bxe2 17. Qxe2 Bxc3 18. Bh6 Bg7 19. Bxg7 Kxg7 20. e5 d5 21. b4 Na4 22. Rdc1 Rfc8 23. Nd4 c5 24. bxc5 Nc3 25. Rxc3 Qxb1+ 26. Kh2 Qb2 27. Qf3 Qxa2 28. Qg4 e6 29. Qf4 Qa6 30. c6 Qa5 1/2-1/2

[Event "Maresme op 15th"]
[Site "Maresme"]
[Date "2018.11.10"]
[Round "6"]
[White "Romero Torrents, Josep"]
[Black "Asensio Linan, Teodoro"]
[Result "1-0"]
[WhiteElo "1773"]
[BlackElo "2191"]
[PlyCount "59"]
[EventDate "2018.09.29"]
[EventType "swiss"]
[EventRounds "9"]
[EventCountry "ESP"]
[SourceTitle "EXT 2024"]
[Source "ChessBase"]
[SourceDate "2023.10.10"]
[SourceVersion "1"]
[SourceVersionDate "2023.10.10"]
[SourceQuality "1"]

1. e4 e6 2. d4 d5 3. Bd3 c5 4. c3 Nc6 5. Ne2 dxe4 6. Bxe4 Nf6 7. Bxc6+ bxc6 8. 0-0 Ba6 9. Be3 Nd5 10. Nd2 Rb8 11. c4 Nxe3 12. fxe3 Rxb2 13. Qc1 Rb4 14. Qc3 f6 15. Rad1 Qb8 16. Nf4 Kf7 17. Nd3 cxd4 18. Qxd4 Rb6 19. Ne5+ Kg8 20. Nd7 Qd8 21. Nxf6+ Qxf6 22. Rxf6 gxf6 23. Qxf6 h6 24. Rf1 Kh7 25. Qf7+ Bg7 26. Ne4 Rf8 27. Nf6+ Kh8 28. Qg6 Rxf6 29. Rxf6 Rb7 30. Rxe6 1-0

[Event "Llinars del Valles op-A 12th"]
[Site "Llinars del Valles"]
[Date "2018.04.21"]
[Round "2"]
[White "Romero Torrents, Josep"]
[Black "Martinez Perez, Sergio"]
[Result "0-1"]
[WhiteElo "1768"]
[BlackElo "1788"]
[PlyCount "84"]
[EventDate "2018.04.14"]
[EventType "swiss"]
[EventRounds "8"]
[EventCountry "ESP"]
[SourceTitle "CBM 184 Extra"]
[Source "ChessBase"]
[SourceDate "2018.06.28"]
[SourceVersion "1"]
[SourceVersionDate "2018.06.28"]
[SourceQuality "1"]

1. e4 c5 2. Nf3 e6 3. d4 cxd4 4. Nxd4 Nf6 5. Nd2 a6 6. Be2 d6 7. 0-0 Nbd7 8. N4f3 Be7 9. b3 b6 10. Bb2 Qc7 11. Re1 0-0 12. Bf1 Bb7 13. h3 Rac8 14. Rc1 Nc5 15. e5 Nd5 16. Nc4 Rfd8 17. exd6 Bxd6 18. Nxd6 Qxd6 19. c4 Nb4 20. Qxd6 Rxd6 21. a3 Nbd3 22. Bxd3 Rxd3 23. Re3 Bxf3 24. gxf3 Rxe3 25. fxe3 Nxb3 26. Rc3 Nd2 27. Kf2 Nxc4 28. Ke2 Kf8 29. Bc1 Ke7 30. a4 Nd6 31. Kd3 Rxc3+ 32. Kxc3 Kd7 33. e4 Kc6 34. Be3 Nb7 35. h4 Nc5 36. Kb4 Nd3+ 37. Kc3 Ne1 38. f4 Ng2 39. Bd4 f6 40. h5 h6 41. f5 e5 42. Bf2 Nf4 0-1

[Event "Llinars del Valles op-A 12th"]
[Site "Llinars del Valles"]
[Date "2018.04.14"]
[Round "1"]
[White "Oset Teixidor, Guerau"]
[Black "Romero Torrents, Josep"]
[Result "1-0"]
[WhiteElo "1982"]
[BlackElo "1768"]
[PlyCount "95"]
[EventDate "2018.04.14"]
[EventType "swiss"]
[EventRounds "8"]
[EventCountry "ESP"]
[SourceTitle "CBM 184 Extra"]
[Source "ChessBase"]
[SourceDate "2018.06.28"]
[SourceVersion "1"]
[SourceVersionDate "2018.06.28"]
[SourceQuality "1"]

1. d4 Nf6 2. Bf4 g6 3. Nf3 Bg7 4. e3 0-0 5. Be2 d6 6. c4 c5 7. Nc3 Nc6 8. 0-0 Bd7 9. Re1 Re8 10. dxc5 dxc5 11. Qb3 Na5 12. Qc2 Nc6 13. Red1 Qc8 14. a3 Bf5 15. e4 Bg4 16. Nb5 Bxf3 17. Bxf3 Nd4 18. Nxd4 cxd4 19. Be5 Rd8 20. Bxd4 Qc7 21. Qc3 Rac8 22. Rac1 b6 23. g3 Re8 24. e5 Nd7 25. e6 Bxd4 26. Qxd4 Ne5 27. exf7+ Nxf7 28. Re1 Rcd8 29. Qe3 Rd6 30. b4 Rf6 31. Kg2 Nd6 32. Qe5 h6 33. Bd5+ Kh7 34. c5 bxc5 35. Rxc5 Qb6 36. f4 Qa6 37. Bc6 Nf7 38. Qe3 Rd8 39. b5 Qb6 40. Qxe7 Rdd6 41. Rd5 Kg7 42. Rxd6 Rxd6 43. Qe3 Qa5 44. Re2 Rd1 45. Rc2 Re1 46. Qc3+ Qxc3 47. Rxc3 Rb1 48. Rd3 1-0

[Event "Badalona op-B 42nd"]
[Site "Badalona"]
[Date "2016.08.02"]
[Round "1"]
[White "Romero Torrents, Josep"]
[Black "Daimiel Bescos, Eleuterio"]
[Result "1/2-1/2"]
[WhiteElo "1678"]
[BlackElo "1927"]
[PlyCount "132"]
[EventDate "2016.08.02"]
[EventType "swiss"]
[EventRounds "9"]
[EventCountry "ESP"]
[SourceTitle "CBM 174 Extra"]
[Source "ChessBase"]
[SourceDate "2016.10.10"]
[SourceVersion "1"]
[SourceVersionDate "2016.10.10"]
[SourceQuality "1"]

1. e4 e5 2. Nf3 Nc6 3. Bb5 a6 4. Ba4 Nf6 5. 0-0 Be7 6. Re1 b5 7. Bb3 0-0 8. h3 d5 9. exd5 Nxd5 10. Nxe5 Nxe5 11. Rxe5 c6 12. Bxd5 cxd5 13. Qf3 Bb7 14. Re1 Qc7 15. Qc3 Qd7 16. d4 Rac8 17. Qd3 Bd6 18. Nd2 Qc7 19. c3 b4 20. cxb4 Bxb4 21. a3 Ba5 22. b4 Bb6 23. Nf3 Qc4 24. Qd1 Qc2 25. Bf4 Rc4 26. Qxc2 Rxc2 27. Rec1 Rfc8 28. Rxc2 Rxc2 29. Re1 Rc8 30. Bd6 Bc6 31. Rc1 Bd7 32. Rxc8+ Bxc8 33. Kf1 f6 34. Ke2 Kf7 35. Ke3 Bd7 36. Nd2 Ba4 37. f4 Bc2 38. g3 Ke6 39. Bc5 Bc7 40. g4 g6 41. Kf3 Kd7 42. Nf1 Be4+ 43. Kg3 g5 44. a4 Bxf4+ 45. Kf2 Bc2 46. b5 axb5 47. axb5 Bd3 48. b6 f5 49. Ng3 fxg4 50. hxg4 Kc6 51. Nh5 Bd2 52. Nf6 Ba5 53. Ke3 Bc2 54. Ng8 Bxb6 55. Ne7+ Kb5 56. Bxb6 Kxb6 57. Nxd5+ Kb5 58. Nc7+ Kc6 59. Ne6 Bd1 60. Nxg5 Bxg4 61. Nxh7 Bf5 62. Nf6 Kd6 63. Ne4+ Kd5 64. Nc3+ Kd6 65. Kf4 Bd3 66. Ke3 Bf5 1/2-1/2

[Event "Llinars del Valles op-A 10th"]
[Site "Llinars del Valles"]
[Date "2016.05.07"]
[Round "6"]
[White "Romero Torrents, Josep"]
[Black "Fernandez Gonzalez, Julio Honor"]
[Result "0-1"]
[WhiteElo "1676"]
[BlackElo "1945"]
[PlyCount "94"]
[EventDate "2016.04.02"]
[EventType "swiss"]
[EventRounds "9"]
[EventCountry "ESP"]
[SourceTitle "CBM 172 Extra"]
[Source "ChessBase"]
[SourceDate "2016.06.21"]
[SourceVersion "1"]
[SourceVersionDate "2016.06.21"]
[SourceQuality "1"]

1. e4 e5 2. Nf3 Nc6 3. Bb5 d6 4. c3 Nf6 5. d3 g6 6. 0-0 Bg7 7. h3 0-0 8. Be3 a6 9. Ba4 b5 10. Bc2 Bb7 11. Re1 Re8 12. Nbd2 a5 13. d4 exd4 14. Bxd4 Nxd4 15. cxd4 Nd7 16. Nf1 c5 17. Ng3 Qb6 18. dxc5 Nxc5 19. Rb1 b4 20. Nd2 Ba6 21. Nb3 Rad8 22. Nc1 Be5 23. Qf3 a4 24. Nd3 Nxd3 25. Bxd3 Bxd3 26. Qxd3 b3 27. a3 Rc8 28. Re2 Rc6 29. Rd1 Rec8 30. Nf1 Rc2 31. Rdd2 Rc1 32. Rd1 R8c2 33. Rxc1 Rxc1 34. g3 Qc5 35. Kg2 Rc2 36. Ne3 Rxb2 37. Rxb2 Bxb2 38. Nc4 Bd4 39. Qe2 Bxf2 40. e5 dxe5 41. Nxe5 Bd4 42. Nc4 Qc6+ 43. Kh2 Qf6 44. Nd2 b2 45. Nb1 Qf5 46. Qe1 Qc2+ 47. Kh1 Qc1 0-1

[Event "Llinars del Valles op-A 10th"]
[Site "Llinars del Valles"]
[Date "2016.04.23"]
[Round "4"]
[White "Romero Torrents, Josep"]
[Black "Rodriguez Martinez, Juan P"]
[Result "1/2-1/2"]
[WhiteElo "1676"]
[BlackElo "1946"]
[PlyCount "46"]
[EventDate "2016.04.02"]
[EventType "swiss"]
[EventRounds "9"]
[EventCountry "ESP"]
[SourceTitle "CBM 172 Extra"]
[Source "ChessBase"]
[SourceDate "2016.06.21"]
[SourceVersion "1"]
[SourceVersionDate "2016.06.21"]
[SourceQuality "1"]

1. e4 c5 2. Nf3 e6 3. d4 cxd4 4. Nxd4 a6 5. Be2 Qc7 6. Be3 Nf6 7. Nd2 d5 8. exd5 Nxd5 9. Bg5 Bd6 10. N4f3 h6 11. Bh4 Nf4 12. 0-0 Nxe2+ 13. Qxe2 0-0 14. c3 b5 15. Ne4 Be7 16. Bxe7 Qxe7 17. Rad1 Bb7 18. Nd6 Bxf3 19. Qxf3 Nd7 20. Qb7 Rfd8 21. Rfe1 Qf8 22. Ne4 Qe8 23. Nd6 Qf8 1/2-1/2

[Event "Llinars del Valles op-A 10th"]
[Site "Llinars del Valles"]
[Date "2016.04.16"]
[Round "3"]
[White "Verges Soler, Lluis"]
[Black "Romero Torrents, Josep"]
[Result "0-1"]
[WhiteElo "1804"]
[BlackElo "1676"]
[PlyCount "80"]
[EventDate "2016.04.02"]
[EventType "swiss"]
[EventRounds "9"]
[EventCountry "ESP"]
[SourceTitle "CBM 172 Extra"]
[Source "ChessBase"]
[SourceDate "2016.06.21"]
[SourceVersion "1"]
[SourceVersionDate "2016.06.21"]
[SourceQuality "1"]

1. d4 Nf6 2. c4 g6 3. Nc3 Bg7 4. e4 d6 5. Be2 0-0 6. f4 c5 7. Nf3 cxd4 8. Nxd4 Nc6 9. Be3 Qb6 10. Nc2 Qa5 11. 0-0 Nd7 12. Qd2 Nc5 13. Bxc5 Qxc5+ 14. Kh1 Qa5 15. Rfd1 Bxc3 16. bxc3 Be6 17. Nd4 Nxd4 18. cxd4 Qxd2 19. Rxd2 Rac8 20. d5 Bd7 21. Rb2 b6 22. a4 Rc5 23. a5 bxa5 24. Rb7 Rd8 25. Rxa7 a4 26. Kg1 Kf8 27. Kf2 Ke8 28. Ke3 Rb8 29. Kd4 Kd8 30. Bd1 Rb4 31. Be2 Rb2 32. Kd3 Rc8 33. Ra3 Rcb8 34. Bf3 e6 35. Rc3 exd5 36. cxd5 Bb5+ 37. Ke3 Rb3 38. Kd4 Rc8 39. Rxc8+ Kxc8 40. Bd1 Rd3# 0-1

[Event "Roncana op-A 9th"]
[Site "Santa Eulalia de Roncana"]
[Date "2015.10.31"]
[Round "4"]
[White "Romero Torrents, Josep"]
[Black "Baltasar Diaz, Vicente"]
[Result "1-0"]
[WhiteElo "1939"]
[BlackElo "2012"]
[PlyCount "61"]
[EventDate "2015.10.03"]
[EventType "swiss"]
[EventRounds "8"]
[EventCountry "ESP"]
[SourceTitle "EXT 2017"]
[Source "ChessBase"]
[SourceDate "2016.10.25"]
[SourceVersion "1"]
[SourceVersionDate "2016.10.25"]
[SourceQuality "1"]

1. e4 e6 2. d4 d5 3. Nd2 Nf6 4. e5 Nfd7 5. c3 c5 6. Ngf3 b6 7. Bb5 Ba6 8. a4 Bxb5 9. axb5 cxd4 10. cxd4 Be7 11. 0-0 0-0 12. Ne1 Qc7 13. f4 f5 14. Qb3 Rc8 15. Rf3 Nf8 16. Rc3 Qb7 17. Ndf3 Nbd7 18. Bd2 a5 19. bxa6 Rxa6 20. Rac1 Rxc3 21. Qxc3 Qa8 22. Qc8 h6 23. Qxa8 Rxa8 24. Rc7 Ra4 25. Bc3 Bb4 26. b3 Bxc3 27. bxa4 Ba5 28. Rb7 Kf7 29. Nc2 Ke7 30. Na3 Kd8 31. Nb5 1-0

[Event "Roncana op-A 9th"]
[Site "Santa Eulalia de Roncana"]
[Date "2015.10.17"]
[Round "2"]
[White "Font Purroy, Vicenc"]
[Black "Romero Torrents, Josep"]
[Result "1/2-1/2"]
[WhiteElo "2227"]
[BlackElo "1939"]
[PlyCount "70"]
[EventDate "2015.10.03"]
[EventType "swiss"]
[EventRounds "8"]
[EventCountry "ESP"]
[SourceTitle "EXT 2017"]
[Source "ChessBase"]
[SourceDate "2016.10.25"]
[SourceVersion "1"]
[SourceVersionDate "2016.10.25"]
[SourceQuality "1"]

1. c4 c5 2. g3 Nf6 3. Bg2 g6 4. Nf3 Nc6 5. 0-0 Bg7 6. Nc3 0-0 7. d4 cxd4 8. Nxd4 Qb6 9. Nc2 d6 10. Rb1 Bf5 11. Nd5 Nxd5 12. cxd5 Ne5 13. h3 Rac8 14. e4 Bd7 15. Na3 Qa6 16. Re1 Qd3 17. Be3 Qxd1 18. Rexd1 a6 19. b3 Rc3 20. Bd4 Nf3+ 21. Bxf3 Bxd4 22. Rxd4 Rxf3 23. Kg2 Rc3 24. Rc4 Rc8 25. Rb2 b5 26. Rxc8+ Rxc8 27. Rc2 Kf8 28. h4 e6 29. dxe6 Bxe6 30. Rxc8+ Bxc8 31. Nc2 Bb7 32. f3 Ke7 33. Kf2 f6 34. Ke3 d5 35. exd5 Bxd5 1/2-1/2

[Event "Roncana op-A 9th"]
[Site "Santa Eulalia de Roncana"]
[Date "2015.10.03"]
[Round "1"]
[White "Romero Torrents, Josep"]
[Black "Cordomi Fons, Francesco"]
[Result "1-0"]
[WhiteElo "1939"]
[BlackElo "2084"]
[PlyCount "75"]
[EventDate "2015.10.03"]
[EventType "swiss"]
[EventRounds "8"]
[EventCountry "ESP"]
[SourceTitle "EXT 2017"]
[Source "ChessBase"]
[SourceDate "2016.10.25"]
[SourceVersion "1"]
[SourceVersionDate "2016.10.25"]
[SourceQuality "1"]

1. e4 e6 2. d4 d5 3. Nd2 Nf6 4. e5 Nfd7 5. Ngf3 c5 6. c3 Nc6 7. Bd3 Qb6 8. Qb3 cxd4 9. Qxb6 axb6 10. cxd4 g5 11. h3 Nb4 12. Bb1 Be7 13. Nb3 h6 14. a3 Nc6 15. Bd3 0-0 16. 0-0 Na5 17. Nbd2 f5 18. exf6 Bxf6 19. Re1 Kf7 20. b4 Nc6 21. Nb3 e5 22. dxe5 Ndxe5 23. Nxe5+ Nxe5 24. Bf1 Nc6 25. Ra2 Nxb4 26. Rd2 Nc6 27. Rxd5 Be6 28. Rb5 Nd4 29. Nxd4 Bxd4 30. Be3 Bc3 31. Rc1 Rxa3 32. Rxb6 Rc8 33. Rxb7+ Kg8 34. Rb6 Kf7 35. Be2 Ra1 36. Bh5+ Ke7 37. Rxa1 Bxa1 38. Rxe6+ 1-0

[Event "Llinars del Valles op-B 9th"]
[Site "Llinars del Valles"]
[Date "2015.06.06"]
[Round "8"]
[White "Gonzalez Cominelli, Alejo Gabriel"]
[Black "Romero Torrents, Josep"]
[Result "1-0"]
[WhiteElo "1849"]
[BlackElo "1942"]
[PlyCount "81"]
[EventDate "2015.04.11"]
[EventType "swiss"]
[EventRounds "9"]
[EventCountry "ESP"]
[SourceTitle "EXT 2018"]
[Source "ChessBase"]
[SourceDate "2017.10.13"]
[SourceVersion "1"]
[SourceVersionDate "2017.10.13"]
[SourceQuality "1"]

1. c4 c5 2. Nc3 b6 3. Nf3 Bb7 4. d4 Bxf3 5. exf3 cxd4 6. Qxd4 Nc6 7. Qd1 g6 8. g3 Bg7 9. Qd2 Nf6 10. Bg2 Rc8 11. f4 0-0 12. 0-0 d6 13. b3 d5 14. cxd5 Nb4 15. Rb1 Rc5 16. Ba3 a5 17. Bxb4 axb4 18. Na4 Ra5 19. Qxb4 Qd6 20. Qxd6 exd6 21. Nxb6 Rxa2 22. Nc4 Rd8 23. b4 Rc2 24. Ne3 Ra2 25. Rfc1 Ra7 26. b5 Nd7 27. Nc4 Bf8 28. Bh3 f5 29. g4 fxg4 30. Bxg4 Nc5 31. b6 Re7 32. Na5 Ra8 33. b7 Rb8 34. Nc6 Rbxb7 35. Nxe7+ Rxe7 36. Re1 Ra7 37. Rb8 h5 38. Ree8 Rf7 39. Be6 Nxe6 40. dxe6 Rxf4 41. e7 1-0

[Event "Llinars del Valles op-B 8th"]
[Site "Llinars del Valles"]
[Date "2015.05.09"]
[Round "5"]
[White "Romero Torrents, Josep"]
[Black "Jimenez Paez, Jaime"]
[Result "1/2-1/2"]
[WhiteElo "1942"]
[BlackElo "1867"]
[PlyCount "101"]
[EventDate "2015.04.11"]
[EventType "swiss"]
[EventRounds "9"]
[EventCountry "ESP"]
[SourceTitle "EXT 2016"]
[Source "ChessBase"]
[SourceDate "2015.10.08"]
[SourceVersion "1"]
[SourceVersionDate "2015.10.08"]
[SourceQuality "1"]

1. e4 c5 2. Nf3 d6 3. d4 cxd4 4. Nxd4 Nf6 5. Nc3 a6 6. Be2 e5 7. Nb3 Be6 8. Be3 Be7 9. Qd2 0-0 10. Rd1 Nbd7 11. 0-0 b5 12. f3 Rc8 13. Nd5 Bxd5 14. exd5 Nb6 15. Bxb6 Qxb6+ 16. Kh1 Rc7 17. Bd3 b4 18. Qe2 a5 19. Bb5 Ra8 20. Bc6 Raa7 21. Nd2 Qc5 22. Ne4 Qb6 23. Nxf6+ Bxf6 24. f4 Re7 25. Qg4 Qd8 26. fxe5 Bxe5 27. b3 Bc3 28. Bb5 Rac7 29. Bd3 g6 30. Rf3 Re1+ 31. Rxe1 Bxe1 32. Re3 Re7 33. Qg5 Kf8 34. Qh6+ Kg8 35. Qg5 Kf8 36. Bb5 Bd2 37. Qf6 Bc3 38. Qxe7+ Qxe7 39. Rxe7 Kxe7 40. Kg1 Kf6 41. Kf2 Ke5 42. Bc4 f5 43. Kf3 g5 44. g3 h5 45. h4 g4+ 46. Kf2 Bd4+ 47. Kg2 f4 48. Bd3 f3+ 49. Kf1 Kf6 50. Be4 Bc5 51. Bd3 1/2-1/2

[Event "Llinars del Valles op-B 8th"]
[Site "Llinars del Valles"]
[Date "2015.04.18"]
[Round "2"]
[White "Moriche Vivas, Carlos"]
[Black "Romero Torrents, Josep"]
[Result "0-1"]
[WhiteElo "1805"]
[BlackElo "1942"]
[PlyCount "86"]
[EventDate "2015.04.11"]
[EventType "swiss"]
[EventRounds "9"]
[EventCountry "ESP"]
[SourceTitle "EXT 2016"]
[Source "ChessBase"]
[SourceDate "2015.10.08"]
[SourceVersion "1"]
[SourceVersionDate "2015.10.08"]
[SourceQuality "1"]

1. e4 c5 2. d3 Nc6 3. g3 g6 4. Bg2 Bg7 5. f4 d6 6. Nf3 Nf6 7. 0-0 0-0 8. c3 Bd7 9. Na3 Rb8 10. Nc4 b5 11. Ne3 c4 12. e5 dxe5 13. Nxe5 Qc8 14. dxc4 Nxe5 15. fxe5 Ng4 16. cxb5 Nxe3 17. Bxe3 Bxb5 18. Rf2 Bc6 19. Bxa7 Rb7 20. Bd4 Bxg2 21. Kxg2 Qb8 22. Qe2 Rb5 23. Re1 Qb7+ 24. Kg1 Rb8 25. b4 Ra8 26. e6 f6 27. Ra1 Qd5 28. c4 Qxd4 29. Rd1 Qc3 30. cxb5 Qxb4 31. Qb2 Qc5 32. Kf1 f5 33. Qe2 Bd4 34. Rf4 Bf6 35. Rc4 Qa3 36. b6 Rb8 37. Rb1 Qa8 38. Rc7 Qh1+ 39. Kf2 Bd4+ 40. Qe3 Bxe3+ 41. Kxe3 Qxb1 42. Rxe7 Qxb6+ 43. Kf4 Qd6+ 0-1

[Event "Malgrat del Mar op"]
[Site "Malgrat del Mar"]
[Date "1997.04.26"]
[Round "6"]
[White "Romero Torrents, Josep"]
[Black "Ramirez Garcia, Lluis"]
[Result "0-1"]
[WhiteElo "1840"]
[BlackElo "1880"]
[PlyCount "64"]
[EventDate "1997.??.??"]
[EventType "swiss"]
[EventRounds "9"]
[EventCountry "ESP"]
[SourceTitle "EXT 2003"]
[Source "ChessBase"]
[SourceDate "2002.11.25"]
[SourceVersion "1"]
[SourceVersionDate "2002.11.25"]
[SourceQuality "1"]

1. d4 Nf6 2. c4 g6 3. Nc3 d5 4. Bg5 Bg7 5. Nf3 Nc6 6. e3 a6 7. Bd3 Be6 8. c5 0-0 9. 0-0 Ne8 10. Rc1 f5 11. h3 Nf6 12. Bf4 Qd7 13. Ne5 Nxe5 14. Bxe5 Ne4 15. Bxg7 Kxg7 16. Ne2 c6 17. Nf4 Bf7 18. h4 h6 19. Rc2 Rae8 20. a3 e5 21. dxe5 Rxe5 22. Bxe4 fxe4 23. Qd4 Qe7 24. g3 Qf6 25. Qd1 g5 26. Qg4 Kh7 27. Ng2 Be6 28. Qe2 Bh3 29. h5 Qf3 30. Qxf3 exf3 31. Ne1 g4 32. Nd3 Rxe3 0-1